[Event "Challenge"]
[Site "http://www.queenalice.com/game.php?id=172147"]
[Date "2007.2.21"]
[Round "-"]
[White "Tonyc"]
[Black "syairazi_suni"]
[Result "1-0"]
[WhiteElo "1791"]
[BlackElo "1787"]

1. d4 d5 2. c4 e6 3. Nc3 dxc4 4. e4 Nc6 5. Bxc4 Bb4 6. a3 Bxc3+ 7. bxc3 Nf6 8.
e5 Nd5 9. Bxd5 exd5 10. Nf3 Bg4 11. Qb3 Bxf3 12. Qxb7 Na5 13. Qb5+ c6 14. Qa4
Be4 15. f3 Bd3 16. Bd2 O-O 17. h4 Nc4 18. Qxc6 Nxd2 19. Kxd2 Bc4 20. Qa4 Qe7 21.
g3 Rfb8 22. Rab1 Rxb1 23. Rxb1 f6 24. f4 fxe5 25. fxe5 Qe6 26. Re1 a6 27. Qb4
Qh6+ 28. Kc2 1-0

[Event "AUTO-OPEN-594"]
[Site "http://www.queenalice.com/game.php?id=184472"]
[Date "2007.3.19"]
[Round "1"]
[White "syairazi_suni"]
[Black "tewald"]
[Result "0-1"]
[WhiteElo "1785"]
[BlackElo "1765"]

1. e4 e6 2. d4 d5 3. Nd2 c5 4. dxc5 Bxc5 5. exd5 Qxd5 6. Ngf3 Nf6 7. Be2 O-O 8.
O-O Nc6 9. c4 Qd6 10. Nb3 Qxd1 11. Rxd1 Be7 12. Bg5 h6 13. Bh4 g5 14. Bg3 Ne4
15. Rac1 Nxg3 16. hxg3 e5 17. a3 e4 18. Nfd4 Nxd4 19. Nxd4 f5 20. b4 Bf6 21. Nb5
Be5 22. Rd5 Bf6 23. Nc7 Rb8 24. Nb5 a6 25. Nd6 Bb2 26. Rb1 Bg7 27. c5 Be6 28.
Rdd1 Ba2 29. Bc4+ Bxc4 30. Nxc4 Rfc8 31. Rd7 b5 32. Nb6 Re8 33. Rbd1 e3 34. fxe3
Rxe3 35. R1d3 Rbe8 36. Rxe3 Rxe3 37. a4 bxa4 38. Nxa4 Rxg3 39. c6 Rg4 40. Nc5
Bd4+ 41. Kf1 Be5 42. Nxa6 Rc4 43. b5 Rc1+ 44. Ke2 Rb1 45. Rd5 Bg3 46. c7 Bxc7
47. Nxc7 f4 48. Rd7 Rb2+ 49. Kf3 Rb3+ 50. Kg4 Rb2 0-1

[Event "AUTO-OPEN-594"]
[Site "http://www.queenalice.com/game.php?id=184473"]
[Date "2007.3.19"]
[Round "1"]
[White "tewald"]
[Black "syairazi_suni"]
[Result "0-1"]
[WhiteElo "1797"]
[BlackElo "1814"]

1. e4 c5 2. d3 g6 3. f4 Bg7 4. c3 Nf6 5. Nf3 O-O 6. g3 d5 7. e5 Nfd7 8. d4 cxd4
9. cxd4 Nc6 10. Bg2 e6 11. O-O Qb6 12. Nc3 f6 13. b3 fxe5 14. Na4 Qd8 15. fxe5
b5 16. Nc3 b4 17. Ne2 Ba6 18. Rf2 Qb6 19. Be3 Bxe2 20. Qxe2 a5 21. Raf1 a4 22.
bxa4 Rxa4 23. Bh3 Ra3 24. Bxe6+ Kh8 25. Bxd7 Ne7 26. Ng5 Rfa8 27. Be6 h6 28.
Nf7+ Kh7 29. Qf3 Qxe6 30. Kg2 Nf5 31. Ng5+ hxg5 32. Re2 Nxe3+ 33. Rxe3 Rxe3 34.
Qxe3 Rxa2+ 35. Kg1 Qh3 0-1

[Event "AUTO-OPEN-594"]
[Site "http://www.queenalice.com/game.php?id=184474"]
[Date "2007.3.19"]
[Round "1"]
[White "syairazi_suni"]
[Black "Enrico"]
[Result "0-1"]
[WhiteElo "1854"]
[BlackElo "1693"]

1. e4 e5 2. Nf3 Nc6 3. Bc4 Bc5 4. c3 h6 5. O-O Nf6 6. d4 exd4 7. cxd4 Bb6 8. Nc3
d6 9. Be3 Bg4 10. Be2 O-O 11. a4 Re8 12. h3 Bh5 13. Qd2 Nxe4 14. Nxe4 Rxe4 15.
Rad1 d5 16. b4 a6 17. a5 Ba7 18. Rfe1 Qe7 19. Rb1 Qd6 20. Bd3 Bxf3 21. Bxe4 Bxe4
22. Rb2 Qg6 23. f4 Qg3 24. Re2 Ne7 25. Qe1 Qxe1+ 26. Rxe1 Nf5 27. Rd2 Nxe3 28.
Rxe3 b6 29. g4 Rb8 30. Kh2 bxa5 31. bxa5 Rb4 32. f5 Bxd4 33. Ra3 Be5+ 34. Kg1
Bd6 35. Raa2 c5 36. Kf2 d4 37. Rdb2 Rxb2+ 38. Rxb2 Bd3 39. Ke1 Bb5 40. Kd1 c4
41. Rg2 c3 42. Kc2 Be5 43. Kd1 d3 44. Rf2 Ba4+ 45. Kc1 Bf4+ 46. Rxf4 d2+ 47. Kb1
c2+ 48. Ka2 c1=Q 49. Rxa4 Qc2+ 50. Ka3 d1=Q 0-1

[Event "AUTO-OPEN-594"]
[Site "http://www.queenalice.com/game.php?id=184475"]
[Date "2007.3.19"]
[Round "1"]
[White "Enrico"]
[Black "syairazi_suni"]
[Result "1-0"]
[WhiteElo "1746"]
[BlackElo "1805"]

1. e4 c5 2. Nc3 e6 3. Nf3 Nc6 4. d4 cxd4 5. Nxd4 Nf6 6. Nxc6 bxc6 7. e5 Nd5 8.
Nxd5 cxd5 9. Qd4 Be7 10. Bd3 O-O 11. O-O a5 12. Qg4 g6 13. Bh6 f5 14. exf6 Rxf6
15. Rae1 Bf8 16. Bg5 Bg7 17. Bxf6 Bxf6 18. b3 d6 19. Rxe6 Qf8 20. Bxg6 Qg7 21.
Re8+ 1-0

[Event "AUTO-OPEN-594"]
[Site "http://www.queenalice.com/game.php?id=184476"]
[Date "2007.3.19"]
[Round "1"]
[White "syairazi_suni"]
[Black "ChrisDavison102"]
[Result "1-0"]
[WhiteElo "1829"]
[BlackElo "1995"]

1. e4 c6 2. d4 d5 3. e5 Bf5 4. Nc3 e6 5. Nf3 Bb4 6. Bd2 Ne7 7. Bd3 Bxd3 8. cxd3
O-O 9. O-O Nd7 10. a3 Bxc3 11. Bxc3 Rc8 12. Rc1 c5 13. dxc5 Nxc5 14. d4 Ne4 15.
Qd3 Nxc3 16. Rxc3 Rxc3 17. Qxc3 Qc8 18. Qb4 Nc6 19. Qd2 f6 20. Rc1 fxe5 21. Nxe5
Qe8 22. Ng4 Qg6 23. Ne3 Rf4 24. Nc2 Rg4 25. g3 Qf6 26. Rd1 h5 27. h3 Re4 28. b4
a6 29. Kg2 Kf7 30. f3 Nxd4 31. Nxd4 Re5 32. Ne2 Rf5 33. f4 g5 34. Rc1 gxf4 35.
gxf4 Qg6+ 36. Kf3 h4 37. Rc7+ Kf6 38. Qd4+ e5 39. Qb6# 1-0

[Event "AUTO-OPEN-594"]
[Site "http://www.queenalice.com/game.php?id=184477"]
[Date "2007.3.19"]
[Round "1"]
[White "ChrisDavison102"]
[Black "syairazi_suni"]
[Result "1-0"]
[WhiteElo "1941"]
[BlackElo "1771"]

1. e4 c5 2. Nf3 d6 3. d4 cxd4 4. Nxd4 Nf6 5. Nc3 g6 6. f4 Bg7 7. e5 dxe5 8. fxe5
Nfd7 9. e6 Nf6 10. exf7+ Kxf7 11. Bc4+ e6 12. Be3 Rf8 13. O-O Re8 14. Qe2 Nd7
15. Nxe6 Qa5 16. Nc7+ Ke7 17. Nxe8 Kxe8 18. Bc5+ Kd8 19. Qe7+ Kc7 20. Bd6+ Kc6
21. Bb5+ Qxb5 22. Nxb5 Kxb5 23. a4+ Kc6 24. b4 Bf8 25. b5+ Kb6 26. Qd8# 1-0

[Event "AUTO-OPEN-506"]
[Site "http://www.queenalice.com/game.php?id=191888"]
[Date "2007.4.4"]
[Round "2"]
[White "ricardosf"]
[Black "syairazi_suni"]
[Result "0-1"]
[WhiteElo "1350"]
[BlackElo "1852"]

1. e4 c5 2. Bb5 g6 3. Nf3 Bg7 4. Ng5 e5 5. h4 Nf6 6. d4 exd4 7. h5 Qa5+ 8. Bd2
Qxb5 9. a4 Qxb2 10. Na3 Qb6 11. hxg6 fxg6 12. Nc4 Qc7 13. Ba5 b6 14. Bd2 Ba6 15.
Na3 h6 16. Nf3 Nxe4 17. a5 Nc6 18. Qe2 Bxe2 19. Kxe2 Nxd2 20. Nxd2 d3+ 21. cxd3
Bxa1 22. Nb5 Qe5+ 23. Ne4 d5 24. axb6 axb6 25. Ke3 Bd4+ 26. Kf3 O-O+ 27. Ke2
Ra2+ 28. Kd1 Ra1+ 29. Kd2 Rxh1 30. Nxd4 dxe4 31. Nxc6 Rxf2+ 32. Ke3 Qf4# 0-1

[Event "AUTO-OPEN-506"]
[Site "http://www.queenalice.com/game.php?id=191889"]
[Date "2007.4.4"]
[Round "2"]
[White "syairazi_suni"]
[Black "ricardosf"]
[Result "1-0"]
[WhiteElo "1812"]
[BlackElo "1354"]

1. e4 d5 2. exd5 Qxd5 3. Nc3 Qd4 4. Nf3 Qb4 5. a3 Qf4 6. d4 Bg4 7. Bxf4 Nf6 8.
Be2 Nh5 9. Bxc7 Nc6 10. O-O Nf4 11. Bxf4 g6 12. Re1 h5 13. d5 Rd8 14. dxc6 Rxd1
15. cxb7 Rxe1+ 16. Nxe1 Bxe2 17. b8=Q+ Kd7 18. Qc7+ Ke6 19. Qe5+ Kd7 20. Qxe2 e6
21. Rd1+ Kc6 22. Qb5# 1-0

[Event "AUTO-OPEN-506"]
[Site "http://www.queenalice.com/game.php?id=191896"]
[Date "2007.4.4"]
[Round "2"]
[White "syairazi_suni"]
[Black "me"]
[Result "0-1"]
[WhiteElo "1768"]
[BlackElo "2039"]

1. e4 e5 2. Nf3 Nc6 3. Bc4 Nf6 4. d3 d5 5. exd5 Nxd5 6. O-O Bg4 7. Nbd2 Nd4 8.
Re1 f6 9. c3 Nxf3+ 10. Nxf3 Qd7 11. Qe2 O-O-O 12. Bd2 Bc5 13. d4 exd4 14. Qe4
dxc3 15. Bxc3 Bxf3 16. Qxf3 Rhe8 17. Rxe8 Rxe8 18. Bxd5 c6 19. Be4 g6 20. Bc2 f5
21. Rd1 Bd4 22. h3 c5 23. Bxd4 cxd4 24. Bd3 Qc7 25. Bb5 Re5 26. Rxd4 Rxb5 27.
Qe2 Re5 28. Qd1 Rc5 29. Qf1 Rc1 30. Rd1 Rxd1 31. Qxd1 b5 32. g3 a5 0-1

[Event "AUTO-OPEN-506"]
[Site "http://www.queenalice.com/game.php?id=191897"]
[Date "2007.4.4"]
[Round "2"]
[White "me"]
[Black "syairazi_suni"]
[Result "1-0"]
[WhiteElo "2030"]
[BlackElo "1763"]

1. d4 d5 2. Nf3 Nc6 3. Nc3 Nf6 4. Ne5 e6 5. Nxc6 bxc6 6. Bg5 Be7 7. e3 O-O 8.
Bxf6 Bxf6 9. Bd3 a5 10. Qh5 g6 11. Qf3 Bd7 12. O-O Bg7 13. a4 Qe7 14. Ne2 Rfb8
15. b3 c5 16. c4 Rxb3 17. Rfd1 Rab8 18. cxd5 cxd4 19. Bc4 R3b4 20. dxe6 Bxe6 21.
Bxe6 Qxe6 22. Nxd4 Bxd4 23. Rxd4 Rxd4 24. exd4 Qd7 25. d5 Qxa4 26. Qc3 Qb3 27.
Qxc7 a4 28. d6 Rf8 29. d7 Qd3 30. h3 a3 31. Kh2 Kg7 32. Qe5+ 1-0

[Event "AUTO-ADV-462"]
[Site "http://www.queenalice.com/game.php?id=195403"]
[Date "2007.4.11"]
[Round "1"]
[White "razoman"]
[Black "syairazi_suni"]
[Result "1-0"]
[WhiteElo "1956"]
[BlackElo "1821"]

1. e4 c6 2. d4 d5 3. exd5 cxd5 4. c4 e6 5. a3 Nf6 6. Nc3 Nbd7 7. Nf3 dxc4 8.
Bxc4 Nb6 9. Ba2 Be7 10. O-O O-O 11. Bg5 Bd7 12. Rc1 Rc8 13. Qd3 g6 14. Bh6 Re8
15. Ne5 Nbd5 16. Nxd5 Nxd5 17. Qf3 Nf6 18. Qxb7 Bd6 19. Bg5 Be7 20. Bxf6 Bxf6
21. Qxd7 Bxe5 22. Qxc8 Qxc8 23. Rxc8 Rxc8 24. dxe5 Rc2 25. Rb1 a5 26. Bb3 Rd2
27. f4 Kf8 28. g3 Rd4 29. Bd1 Ke7 30. b4 axb4 31. axb4 Kd7 32. b5 1-0

[Event "AUTO-ADV-462"]
[Site "http://www.queenalice.com/game.php?id=195404"]
[Date "2007.4.11"]
[Round "1"]
[White "syairazi_suni"]
[Black "razoman"]
[Result "0-1"]
[WhiteElo "1832"]
[BlackElo "1945"]

1. e4 c5 2. Nf3 a6 3. c3 Nc6 4. Be2 d6 5. O-O g6 6. d4 cxd4 7. cxd4 Bg7 8. Nc3
Nf6 9. h3 Nd7 10. Be3 O-O 11. a3 b5 12. Rc1 Bb7 13. b4 Rc8 14. Rc2 e5 15. d5 Ne7
16. Qd2 Nb6 17. Rfc1 Nc4 18. Bxc4 Rxc4 19. Qe2 Qd7 20. Nd2 Rcc8 21. f3 f5 22.
Nb3 f4 23. Bf2 Bf6 24. g4 fxg3 25. Bxg3 Qxh3 26. Qh2 Qd7 27. Nd2 Bg5 28. Bh4
Bxd2 29. Rxd2 Rxf3 30. Rdc2 Rh3 31. Qf2 Qg4+ 0-1